| 000 | 00605nmm a2200241 a 4500 | ||
|---|---|---|---|
| 003 | AR-BaBNM | ||
| 005 | 20251128202759.0 | ||
| 008 | 077119s1953 ||||||||||||||000 | spa|| | ||
| 040 | _cAR-BaBNM | ||
| 100 | 1 | _aFerreyra Videla, Vidal | |
| 245 | 1 | 0 | _aAndanzas de Don Quijote y Fierro |
| 260 |
_aBuenos Aires _bEdiciones Dolmen _c1953 |
||
| 300 | _a165 p. | ||
| 650 | 4 | _aLITERATURA ARGENTINA | |
| 650 | 4 | _aLITERATURA ESPANOLA | |
| 650 | 4 | _aHUMOR | |
| 653 | _aLITERATURA GAUCHESCA | ||
| 653 | _aINFLUENCIA CLASICA | ||
| 653 | _aNARRATIVA | ||
| 655 | _aLITERATURA | ||
| 942 | _cBK | ||
| 998 | _cMARTIN | ||
| 999 |
_c532 _d532 |
||